000
00274nam a22001097a 4500
008
170124b xxu||||| |||| 00| 0 eng d
020
_a
9780558464158
041
_a
eng
080
_a
618.2
245
_a
KEISER UNIVERSITY ELECTRONIC HEALTH RECORDS
_c
BOLES, P.F
942
_2
udc
_c
BK
999
_c
3516
_d
3516